000 00691nas a2200241 4500
001 BR9600029
003 BR-BrBNA
005 20231205095640.0
007 ta
008 230509b bl.|||p| |||| 00| 00por d
040 _aBR-BrBNA
_bpor
_cBiblioteca Nacional de Agricultura
041 _a(Pt)
072 _aL53
100 1 _aMosse, G.
245 1 _aExames da capacidade fecundante do esperma bovino
650 _aBovino
650 _aInseminacao Artificial
650 _aEsperma
650 _aReproducao Animal
773 0 _tGado Holandes (Brazil)
_xISSN 0101-7977
_g(Jan-Feb 1976), v. 38(63) p. 20-22
_wBR9600029
909 _a202311
_bLúcia
_c55
_dLúcia Elande
942 _2AGRIS
_n0
_cANA
999 _c151903
_d151903